| 000 | 00487nam a2200193Ia 4500 | ||
|---|---|---|---|
| 003 | OSt | ||
| 005 | 20251203162514.0 | ||
| 008 | 210210b1989 xxu||||| |||| 00| 0 eng d | ||
| 040 | _cAL | ||
| 082 | _a001.642 SONC | ||
| 100 |
_aSoni Sanjay _9247457 |
||
| 245 |
_aComputers _b : systems and programming |
||
| 260 |
_aND _bSultan Chand & Sons _c1989 |
||
| 300 | _a348p | ||
| 690 |
_aComputer Science _9247458 |
||
| 700 |
_aAggarwal, Vinayak _9247459 |
||
| 906 | _a045614 | ||
| 942 |
_2ddc _cBK |
||
| 999 |
_c95080 _d95080 |
||